Yes, You can Launch Your Own Enterprise: Beginners' Guide / by J.P. Sharma...[et al.] (Record no. 52199)

MARC details
000 -LEADER
fixed length control field 00453nam a22001457a 4500
003 - CONTROL NUMBER IDENTIFIER
control field OSt
008 - FIXED-LENGTH DATA ELEMENTS--GENERAL INFORMATION
fixed length control field 260622b |||||||| |||| 00| 0 eng d
020 ## - INTERNATIONAL STANDARD BOOK NUMBER
International Standard Book Number 9789388892377
082 ## - DEWEY DECIMAL CLASSIFICATION NUMBER
Classification number 658.11
Item number S53Y
245 ## - TITLE STATEMENT
Title Yes, You can Launch Your Own Enterprise: Beginners' Guide / by J.P. Sharma...[et al.]
260 ## - PUBLICATION, DISTRIBUTION, ETC. (IMPRINT)
Place of publication, distribution, etc New Delhi:
Name of publisher, distributor, etc International Books & Periodicals Supply Service,
Date of publication, distribution, etc 2020.
300 ## - PHYSICAL DESCRIPTION
Extent xii, 210 p.
700 ## - ADDED ENTRY--PERSONAL NAME
Personal name Sharma, J.P.
942 ## - ADDED ENTRY ELEMENTS (KOHA)
Source of classification or shelving scheme
Koha item type Books
Holdings
Withdrawn status Lost status Source of classification or shelving scheme Damaged status Not for loan Home library Current library Shelving location Date acquired Source of acquisition Cost, normal purchase price Total Checkouts Full call number Barcode Date last seen Bill Date Koha item type Bill Number
          Dr. Rajendra Prasad Central Agricultural University Pusa, Dr. Rajendra Prasad Central Agricultural University Pusa, General Stacks 22/06/2026 IBPSS, 2250.00   658.11 S53Y 87094 22/06/2026 28/01/2026 Books Invoice No. IBPS/021/2025-26,
Hosted, Implemented, Customized & Maintained by: BestBookBuddies

Powered by Koha